Escola del Treball : 75 anys d'història / Isabel Fernández i Carramiñana, Araceli Herrera i Romeu 75 anys d'història / Isabel Fernández i Carramiñana, Araceli Herrera i Romeu
Descripción Física:
142 p. : il. ; 21 cm
Otros Autores:
Herrera i Romeu, Araceli
MARC
| LEADER | 00000nam a2200000Ia 4500 | ||
|---|---|---|---|
| 001 | 8449 | ||
| 008 | 160829s1989 xx 000 0 cat d | ||
| 080 | |a E-1-103 | ||
| 100 | |a Fernández i Carramiñana, Isabel |9 23294 | ||
| 245 | |a Escola del Treball : |b 75 anys d'història / Isabel Fernández i Carramiñana, Araceli Herrera i Romeu | ||
| 260 | |a Barcelona : |b Institut Politècnic de Formació Professional, Escola del Treball, |c 1989 | ||
| 300 | |a 142 p. : |b il. ; |c 21 cm | ||
| 590 | |a Hi ha un duplicat a: DUP-322. | ||
| 590 | |a Bibliografia | ||
| 610 | 2 | 0 | |a Escola del Treball (Barcelona, Catalunya) |x Història |9 55346 |
| 610 | 2 | 0 | |a Escola del Treball (Barcelona, Catalunya) |x Aniversaris, etc. |9 55347 |
| 700 | |a Herrera i Romeu, Araceli |9 23297 | ||
| 710 | 2 | |a Escola del Treball (Barcelona, Catalunya) |9 54586 | |
| 901 | |a Arxiu | ||
| 942 | |n 1 | ||
| 952 | |0 0 |1 0 |4 0 |6 E1103 |7 1 |9 42656 |a Arxiu |b Arxiu |d 2016-12-01 |l 0 |o E-1-103 |p 8449 |r 2016-12-01 00:00:00 |w 2016-12-01 |y ARXIU | ||
| 999 | |c 45162 |d 45162 | ||